| 000 | 00791cam a22002413a 4500 | ||
|---|---|---|---|
| 001 | 31172 | ||
| 003 | PGUSA | ||
| 005 | 20140828083656.0 | ||
| 008 | 100203s2010||||xxu|||||s|||||000 p eng d | ||
| 040 |
_aPGUSA _beng |
||
| 042 | _adc | ||
| 050 | 4 | _aPR | |
| 245 | 1 | 0 |
_aOld English Poems : _bTranslated into the Original Meter Together with Short Selections from Old English Prose _h[electronic resource] |
| 260 |
_bProject Gutenberg, _c2010 |
||
| 506 | _aPublic domain in the USA. | ||
| 516 | _aElectronic text | ||
| 653 | _aEnglish poetry -- Old English, ca. 450-1100 -- Modernized versions | ||
| 700 | 1 |
_aThompson, Stith, _d1885-1976 |
|
| 700 | 1 |
_aNewton, Cosette Faust, _d1889- |
|
| 830 | 0 |
_aProject Gutenberg _v31172 |
|
| 856 | 4 | 0 | _uhttp://www.gutenberg.org/ebooks/31172 |
| 942 | _cEB | ||
| 999 |
_c260427 _d260427 |
||